|
|
|
|
| LEADER |
01086nam a22003017a 4500 |
| 001 |
42433 |
| 003 |
BD-DhAAL |
| 005 |
20240911122114.0 |
| 008 |
240402t20222004enk||||| |||| 00| 1 eng d |
| 020 |
|
|
|a 9781529077209
|
| 040 |
|
|
|a BD-DhAAL
|d BD-DhAAL
|
| 082 |
|
|
|a 823.914
|2 22
|
| 100 |
|
|
|a Hollinghurst, Alan.
|9 56181
|
| 245 |
|
|
|a The line of beauty /
|c Alan Hollinghurst.
|
| 264 |
|
|
|a London :
|b Picador,
|c 2022.
|
| 300 |
|
|
|a xi, 504 pages ;
|c 20 cm.
|
| 526 |
|
|
|a AAL
|
| 541 |
|
|
|a R. K. Corporation
|e 42433
|
| 586 |
|
|
|a Man Booker Prize for Fiction, 2004
|
| 650 |
|
|
|a Male friendship
|v Fiction.
|
| 650 |
|
|
|a Social classes
|v Fiction.
|9 5629
|
| 650 |
|
|
|a Legislators
|v Fiction.
|9 54449
|
| 650 |
|
|
|a Married people
|v Fiction.
|9 56245
|
| 651 |
|
|
|a Notting Hill (London, England)
|v Fiction.
|9 56246
|
| 852 |
|
|
|a Ayesha Abed Library
|
| 942 |
|
|
|2 ddc
|c BK
|
| 999 |
|
|
|c 46483
|d 46483
|
| 952 |
|
|
|0 0
|1 0
|2 ddc
|4 0
|6 823_914000000000000_HOL
|7 0
|9 75295
|a BRACUL
|b BRACUL
|c AWC
|d 2024-03-28
|e R K Corporation
|g 1720.00
|l 3
|o 823.914 HOL
|p 3010042433
|q 2025-04-22
|r 2025-04-15
|s 2025-04-15
|t 1
|v 1720.00
|w 2024-03-28
|y AWC
|